[Event "GER AK-1887 email"]
[Site "GER email"]
[Date "2017.02.11"]
[Round "?"]
[White "Link, Stefan"]
[Black "Dederichs, Hermann Josef"]
[Result "0-1"]
[WhiteElo "1515"]
[BlackElo "1888"]
[PlyCount "36"]
[EventDate "2017.02.17"]
[EventType "tourn (corr)"]
[EventRounds "6"]
[EventCountry "GER"]
[SourceTitle "Corr 2020"]
[Source "ChessBase"]
[SourceDate "2019.09.30"]
[SourceVersion "1"]
[SourceVersionDate "2019.09.30"]
[SourceQuality "1"]

1. e4 e6 2. d4 d5 3. Nc3 dxe4 4. Be3 Nf6 5. Be2 b6 6. a3 Bb7 7. f3 Nbd7 8. f4 Be7 9. g3 0-0 10. b4 Rc8 11. Nh3 c5 12. Nb5 a6 13. Nc3 cxb4 14. Nb1 Qc7 15. axb4 Bxb4+ 16. Kf2 Qxc2 17. Qc1 Ng4+ 18. Kg2 Qxe2+ 0-1

[Event "GER T189-A04-S email"]
[Site "GER email"]
[Date "2014.03.03"]
[Round "?"]
[White "Dederichs, Hermann Josef"]
[Black "Denker, Hans Peter"]
[Result "1-0"]
[WhiteElo "1888"]
[BlackElo "1316"]
[PlyCount "37"]
[EventDate "2014.03.10"]
[EventType "tourn (corr)"]
[EventRounds "8"]
[EventCountry "GER"]
[SourceTitle "Corr 2020"]
[Source "ChessBase"]
[SourceDate "2019.09.30"]
[SourceVersion "1"]
[SourceVersionDate "2019.09.30"]
[SourceQuality "1"]

1. Nf3 f5 2. e4 fxe4 3. Ng5 Nf6 4. d3 h6 5. Nxe4 g6 6. Nxf6+ exf6 7. d4 d5 8. Bd3 f5 9. 0-0 Nc6 10. c3 Be6 11. Re1 Qf6 12. Qe2 Kd7 13. Bf4 Re8 14. Bb5 Bg7 15. Nd2 a6 16. Nb3 axb5 17. Nc5+ Kc8 18. Qxb5 Nd8 19. Qa5 1-0

[Event "GER T189-A04-S email"]
[Site "GER email"]
[Date "2014.03.03"]
[Round "?"]
[White "Dederichs, Hermann Josef"]
[Black "Hoexter, Heinrich"]
[Result "1/2-1/2"]
[WhiteElo "1888"]
[BlackElo "2061"]
[PlyCount "67"]
[EventDate "2014.03.10"]
[EventType "tourn (corr)"]
[EventRounds "8"]
[EventCountry "GER"]
[SourceTitle "Corr 2020"]
[Source "ChessBase"]
[SourceDate "2019.09.30"]
[SourceVersion "1"]
[SourceVersionDate "2019.09.30"]
[SourceQuality "1"]

1. Nf3 f5 2. e4 fxe4 3. Ng5 d5 4. d3 Qd6 5. Nc3 h6 6. Nb5 Qc6 7. dxe4 hxg5 8. exd5 Qd7 9. Bxg5 a6 10. Nc3 Nf6 11. Qd2 Qd6 12. 0-0-0 Nbd7 13. Kb1 c6 14. Bd3 cxd5 15. Bg6+ Kd8 16. Rhe1 Nb6 17. Bf7 Bg4 18. Bf4 Qc6 19. f3 Bd7 20. Qf2 a5 21. Be5 Kc8 22. Qd4 Ra6 23. Bg3 a4 24. Qf4 Qd6 25. Qd4 e5 26. Rxe5 Qb4 27. Rg5 a3 28. b3 Qxd4 29. Rxd4 Bc6 30. Rd3 Kd8 31. Bf4 Ke7 32. Bg6 Kd8 33. Bf7 Ke7 34. Bg6 1/2-1/2

[Event "GER T189-A04-S email"]
[Site "GER email"]
[Date "2014.03.03"]
[Round "?"]
[White "Dederichs, Hermann Josef"]
[Black "Mueller Clostermann, Bruno"]
[Result "1/2-1/2"]
[WhiteElo "1888"]
[BlackElo "1800"]
[PlyCount "88"]
[EventDate "2014.03.10"]
[EventType "tourn (corr)"]
[EventRounds "8"]
[EventCountry "GER"]
[SourceTitle "Corr 2020"]
[Source "ChessBase"]
[SourceDate "2019.09.30"]
[SourceVersion "1"]
[SourceVersionDate "2019.09.30"]
[SourceQuality "1"]

1. Nf3 f5 2. e4 fxe4 3. Ng5 Nc6 4. d3 e3 5. Bxe3 e5 6. Be2 Nf6 7. 0-0 d5 8. c4 d4 9. Bd2 Be7 10. Bf3 0-0 11. Na3 Bf5 12. Qb3 Rb8 13. Rac1 Kh8 14. c5 Nd7 15. Nf7+ Rxf7 16. Qxf7 Bxd3 17. Rfe1 Bg6 18. Qd5 Bf8 19. b4 Qe7 20. Bd1 Nf6 21. Qb3 Ne4 22. Nc4 a5 23. a3 axb4 24. axb4 Qe6 25. Qa4 d3 26. Be3 Rd8 27. Qb5 d2 28. Nxd2 Nxd2 29. Qxb7 Qf6 30. h3 Be4 31. Bc2 Nf3+ 32. gxf3 Bxf3 33. Kh2 Nd4 34. Qxc7 Bc6 35. Bd1 Nb5 36. Qb6 Rd3 37. Rf1 Nd4 38. b5 Nxb5 39. Be2 Nd4 40. Bxd3 Nf3+ 41. Kh1 e4 42. Qc7 Qe6 43. Qg3 exd3 44. Rb1 Nd2+ 1/2-1/2

[Event "GER T189-A04-S email"]
[Site "GER email"]
[Date "2014.03.03"]
[Round "?"]
[White "Denker, Hans Peter"]
[Black "Dederichs, Hermann Josef"]
[Result "0-1"]
[WhiteElo "1316"]
[BlackElo "1888"]
[PlyCount "46"]
[EventDate "2014.03.10"]
[EventType "tourn (corr)"]
[EventRounds "8"]
[EventCountry "GER"]
[SourceTitle "Corr 2020"]
[Source "ChessBase"]
[SourceDate "2019.09.30"]
[SourceVersion "1"]
[SourceVersionDate "2019.09.30"]
[SourceQuality "1"]

1. Nf3 f5 2. e4 fxe4 3. Ng5 Nc6 4. Nxe4 d5 5. Ng3 e5 6. Bb5 Nf6 7. d3 Bc5 8. 0-0 Qd6 9. Be3 0-0 10. Bxc6 Qxc6 11. Nd2 Bxe3 12. fxe3 Qb6 13. Nb3 Qxe3+ 14. Kh1 Bd7 15. Rf3 Qg5 16. Nc5 Bg4 17. Qf1 b6 18. Na6 Bxf3 19. Qxf3 Rf7 20. c4 Ng4 21. Qxd5 Rd8 22. Qc6 Nf2+ 23. Kg1 Qe3 0-1

[Event "GER ML-176 email"]
[Site "GER email"]
[Date "2009.??.??"]
[Round "?"]
[White "Dederichs, Hermann Josef"]
[Black "Horst, Lothar"]
[Result "1-0"]
[WhiteElo "1640"]
[BlackElo "1803"]
[PlyCount "73"]
[EventDate "2009.??.??"]
[EventType "tourn (corr)"]
[EventRounds "6"]
[EventCountry "GER"]
[SourceTitle "Corr 2020"]
[Source "ChessBase"]
[SourceDate "2019.09.30"]
[SourceVersion "1"]
[SourceVersionDate "2019.09.30"]
[SourceQuality "1"]

1. d4 d5 2. Nf3 Nf6 3. e3 e6 4. Bd3 c5 5. b3 Nc6 6. Bb2 Bd6 7. 0-0 0-0 8. Nbd2 Qe7 9. Ne5 cxd4 10. exd4 Ba3 11. Qc1 Bxb2 12. Qxb2 Bd7 13. a3 Nh5 14. f4 f5 15. Nxc6 Bxc6 16. Be2 Nf6 17. Nf3 Ne4 18. c4 b6 19. Ne5 Bb7 20. Qc1 Rf6 21. Qe3 Rh6 22. a4 Qh4 23. Nf3 Qh5 24. a5 Rc8 25. axb6 axb6 26. Ra7 Bc6 27. Rc1 dxc4 28. Bxc4 Qe8 29. Ne5 Bd5 30. Ba6 Rb8 31. Rcc7 Qh5 32. h3 Qd1+ 33. Kh2 Qd2 34. Rxg7+ Kh8 35. Qxd2 Nxd2 36. Rgc7 Kg8 37. Bc8 1-0